Tragfähige soziale Beziehungen sind entscheidend: Forschungsprojekt über die Reintegration ehemaliger Strafgefangener

Gespeichert in:  
Bibliographische Detailangaben
1. VerfasserIn: Galli, Folco (Verfasst von)
Medienart: Druck Aufsatz
Sprache:Deutsch
Veröffentlicht: 2022
In: #Prison-Info
Jahr: 2022, Band: 47, Heft: 1, Seiten: 38-39
Verfügbarkeit prüfen: HBZ Gateway
Schlagwörter:

MARC

LEADER 00000naa a2200000 c 4500
001 1816610143
003 DE-627
005 20220914091856.0
007 tu
008 220914s2022 xx ||||| 00| ||ger c
035 |a (DE-627)1816610143 
035 |a (DE-599)KXP1816610143 
040 |a DE-627  |b ger  |c DE-627  |e rda 
041 |a ger 
100 1 |a Galli, Folco  |e VerfasserIn  |4 aut 
245 1 0 |a Tragfähige soziale Beziehungen sind entscheidend  |b Forschungsprojekt über die Reintegration ehemaliger Strafgefangener  |c Folco Galli 
264 1 |c 2022 
336 |a Text  |b txt  |2 rdacontent 
337 |a ohne Hilfsmittel zu benutzen  |b n  |2 rdamedia 
338 |a Band  |b nc  |2 rdacarrier 
650 4 |a Strafvollzug 
650 4 |a Resozialisierung 
650 4 |a Wiedereingliederung 
650 4 |a Gesellschaft 
650 4 |a Beziehung 
650 4 |a Kriminologie 
650 4 |a Qualitative Studie 
650 4 |a Empirische Forschung 
651 4 |a Schweiz 
773 0 8 |i Enthalten in  |t #Prison-Info  |d [Bern] : Bundesamt für Justiz, Fachbereich Straf- und Massnahmenvollzug, 2017  |g 47(2022), 1, Seite 38-39  |h Bände  |w (DE-627)893969842  |w (DE-600)2900317-9  |w (DE-576)491054912  |x 2571-5119  |7 nnas 
773 1 8 |g volume:47  |g year:2022  |g number:1  |g pages:38-39 
951 |a AR 
ELC |b 1 
LOK |0 000 xxxxxcx a22 zn 4500 
LOK |0 001 4188046791 
LOK |0 003 DE-627 
LOK |0 004 1816610143 
LOK |0 005 20250407134027 
LOK |0 008 220914||||||||||||||||ger||||||| 
LOK |0 040   |a DE-21-110  |c DE-627  |d DE-21-110 
LOK |0 852   |a DE-21-110 
LOK |0 852 1  |m p  |9 00 
LOK |0 938   |k p 
LOK |0 939   |a 14-09-22  |b l01 
ORI |a SA-MARC-krimdoka001.raw